000 00562nam a2200157 i 4500
001 64423
003 ES-MaACL
007 t|
008 031224s1961 cu ||||1| spa d
245 0 0 _aFolklore del niño cubano
_b: formas cantadas /
_cConcepción Teresa Alzola ; notación musical María Alvarez Ríos.
260 _aSanta Clara (Cuba) :
_bUniversidad Central de Las Villas,
_c1961.
300 _a250 p., 32 lám. ;
_c23 cm.
700 1 _aAlvarez Ríos, María.
_920935
700 1 _aAlzola, Concepción Teresa.
_921059
852 _aES-MaACL
_jE-4727
_bR.49293
999 _c64423
_d64423